RIDE (Record no. 178401)

MARC details
000 -CABECERA
campo de control de longitud fija 01373cas a2200277 a 4500
005 - FECHA Y HORA DE LA ÚLTIMA TRANSACCIÓN
campo de control 20250116063855.0
006 - ELEMENTOS DE LONGITUD FIJA – CARACTERÍSTICAS DE MATERIALES ADICIONALES – INFORMACIÓN GENERAL
campo de control de longitud fija s|||||o|||| 00| 0
008 - ELEMENTOS DE LONGITUD FIJA--INFORMACIÓN GENERAL
campo de control de longitud fija 991125c2010 mx fr p|o 000 0 spa d
022 ## - NÚMERO INTERNACIONAL NORMALIZADO PARA PUBLICACIONES SERIADAS
Número Internacional Normalizado para Publicaciones Seriadas 2007-7467
035 ## - NÚMERO DE CONTROL DEL SISTEMA
Número de control de sistema UPN01000206300
040 ## - FUENTE DE LA CATALOGACIÓN
Centro catalogador/agencia de origen MX-MxUPN
Lengua de catalogación spa
Centro/agencia transcriptor MX-MxUPN
Normas de descripción aacr2
049 ## - COLECCIÓN
Colección REV-E
245 00 - MENCIÓN DE TÍTULO
Título RIDE
Resto del título : revista iberoamericana para la investigación y el desarrollo educativo
Medio [recurso electrónico en línea]
260 ## - PUBLICACIÓN, DISTRIBUCIÓN, ETC.
Lugar de publicación, distribución, etc. Jalisco:
Nombre del editor, distribuidor, etc. Centro de Estudios e Investigación para el Desarrollo Docente A.C.,
Fecha de publicación, distribución, etc. 2010 -
310 ## - FRECUENCIA ACTUAL DE LA PUBLICACION
Periodicidad actual Semestral
506 0# - NOTA DE RESTRICCIONES AL ACCESO
Limitaciones de acceso Acceso abierto.
510 ## - NOTA DE CITAS O REFERENCIAS BIBLIOGRÁFICAS
Nombre de la fuente CONACYT.
510 ## - NOTA DE CITAS O REFERENCIAS BIBLIOGRÁFICAS
Nombre de la fuente e - Revistas.
510 ## - NOTA DE CITAS O REFERENCIAS BIBLIOGRÁFICAS
Nombre de la fuente REDIB.
520 ## - NOTA DE RESUMEN, ETC.
Sumario, etc. "La Revista Iberoamericana para la Investigación y el Desarrollo Educativo es una publicación académica arbitrada en formato electrónico con una orientación multidisciplinaria. Tiene por objeto publicar textos originales universitarios de divulgación que se centren en la confluencia de los ámbitos temáticos propios de la investigación y desarrollo en la educación. Además, la revista pretende ser una plataforma para la difusión de novedades editoriales relevantes de este mismo ámbito".
Fuente proveedora RIDE.
650 #4 - ASIENTO SECUNDARIO DE MATERIA - TERMINO TEMATICO
Término de materia o nombre geográfico como elemento de entrada Educación
9 (RLIN) 682
650 #4 - ASIENTO SECUNDARIO DE MATERIA - TERMINO TEMATICO
Término de materia o nombre geográfico como elemento de entrada Educación
Subdivisión general Investigación
9 (RLIN) 4070
856 4# - LOCALIZACIÓN Y ACCESO ELECTRÓNICOS
Identificador Uniforme del Recurso <a href="http://www.ride.org.mx/index.php/RIDE">http://www.ride.org.mx/index.php/RIDE</a>
905 ## - TIPO DE MATERIAL
Tipo de material Revista
942 ## - ELEMENTOS DE PUNTO DE ACCESO ADICIONAL (KOHA)
Tipo de ítem Koha Revista Electrónica
Holdings
Estado de retiro Estado de pérdida Estado dañado No para préstamo Código de colección Localización permanente Ubicación/localización actual Ubicación en estantería Fecha de adquisición Fecha visto por última vez Identificador Uniforme del Recurso Tipo de ítem Koha
        Acceso abierto Bib. Gregorio Torres Quintero Bib. Gregorio Torres Quintero En línea 27/05/2022 27/05/2022 http://www.ride.org.mx/index.php/RIDE Revista Electrónica